000 00637nam a2200181Ia 4500
003 GCL
008 140319s9999 xx 000 0 ara d
040 _aGCL /
_cGCL
082 0 4 _a812.008
_bا ا
100 1 _aامين عزالدين
245 1 0 _aام خليل: مسرحية تاريخية عن شجرة الدر (هدية من الاديب عبدالفتاح الجمل) /
_cامين عزالدين
700 1 _aامين عزالعرب
300 _a200 ص
490 _aالهيئة العامة للاستعلامات
_v0
650 0 4 _aالادب العربى
650 0 4 _aالمسرحيات العربية
942 _2ddc
_cBK
999 _c47005
_d47005